Conversaciones de estética

Guardat en:
Dades bibliogràfiques
Autor principal: Pareyson, Luigi (autor)
Format: Llibre
Idioma:espanyol
Publicat: Madrid Visor 1987
Col·lecció:La balsa de la Medusa, 11
Matèries:
Etiquetes: Afegir etiqueta
Sense etiquetes, Sigues el primer a etiquetar aquest registre!

MARC

LEADER 00000nam a2200000 a 4500
001 UCV7634
003 CL-VaPUC
008 890406e19870000SP |||||||||||||||||spa|d
082 0 4 |a 701.17  |b PAR  |2 21 
100 |a Pareyson, Luigi  |e autor  |9 301767 
245 1 0 |a Conversaciones de estética 
300 |a 232 p 
942 |c BK 
945 |d 19890406 00:00:00  |a nfarias 
260 |a Madrid  |b Visor  |c 1987 
650 7 |a ESTETICA MODERNA  |2 CL-VaPUC  |9 265250 
583 |a last modification  |c 19890406 00:00:00  |k Rodrigo Vera 
490 0 |a La balsa de la Medusa, 11 
999 |c 213279  |d 213277 
952 |0 0  |1 0  |4 0  |6 701_170000000000000_PAR_1987  |7 0  |8 A  |9 195499  |a BIBARQ  |b BIBARQ  |d 2019-11-14  |i 2635518  |l 5  |m 4  |o 701.17 PAR 1987  |p 2635518  |q 2025-05-13  |r 2025-04-28  |s 2025-04-28  |w 2019-11-14  |y BK  |k ARQ